| 000 | 00545nam a2200217Ia 4500 | ||
|---|---|---|---|
| 005 | 20250324064306.0 | ||
| 008 | 240331s9999 xx 000 0 und d | ||
| 020 | _a0333275586 | ||
| 082 |
_a303 _bSOC _21091 |
||
| 245 | 0 |
_aSociology of "Developing Societies": _bSouth Asia |
|
| 260 |
_aLondon, _bMacmillan Education Ltd1989 |
||
| 300 | _axv, 324 p., | ||
| 650 | _aSociety | ||
| 650 | _aColonial | ||
| 650 | _aPolitics | ||
| 650 | _aEconomy | ||
| 650 | _aRegionalism | ||
| 700 |
_aAlavi, H _eedt |
||
| 700 |
_aHarriss, J _eedt |
||
| 942 | _cL | ||
| 999 |
_c1208 _d1208 |
||